<?xml version="1.0" encoding="UTF-8"?><record xmlns="http://www.loc.gov/MARC21/slim" xmlns:zs="http://docs.oasis-open.org/ns/search-ws/sruResponse">
  <leader>01465cgm a22003613i 4500</leader>
  <controlfield tag="001">22427016</controlfield>
  <controlfield tag="005">20250607112503.5</controlfield>
  <controlfield tag="007">cr ||a||||||||</controlfield>
  <controlfield tag="008">220805s2014    dcu||| |     fo   vleng  </controlfield>
  <datafield ind1=" " ind2=" " tag="035">
    <subfield code="a">22427016</subfield>
  </datafield>
  <datafield ind1=" " ind2=" " tag="906">
    <subfield code="a">0</subfield>
    <subfield code="b">ibc</subfield>
    <subfield code="c">orignew</subfield>
    <subfield code="d">u</subfield>
    <subfield code="e">ncip</subfield>
    <subfield code="f">20</subfield>
    <subfield code="g">y-gencatlg</subfield>
  </datafield>
  <datafield ind1=" " ind2=" " tag="010">
    <subfield code="a">  2021687547</subfield>
  </datafield>
  <datafield ind1=" " ind2=" " tag="035">
    <subfield code="a">6563</subfield>
  </datafield>
  <datafield ind1=" " ind2=" " tag="040">
    <subfield code="a">DLC</subfield>
    <subfield code="b">eng</subfield>
    <subfield code="c">DLC</subfield>
  </datafield>
  <datafield ind1="0" ind2="0" tag="245">
    <subfield code="a">Winyo: Benga &amp; Traditional Music from Kenya.</subfield>
  </datafield>
  <datafield ind1=" " ind2="1" tag="264">
    <subfield code="a">Washington, D.C. :</subfield>
    <subfield code="b">Library of Congress,</subfield>
    <subfield code="c">2014-07-01.</subfield>
  </datafield>
  <datafield ind1=" " ind2=" " tag="300">
    <subfield code="a">1 online resource</subfield>
  </datafield>
  <datafield ind1=" " ind2=" " tag="336">
    <subfield code="a">two-dimensional moving image</subfield>
    <subfield code="b">tdi</subfield>
    <subfield code="2">rdacontent</subfield>
  </datafield>
  <datafield ind1=" " ind2=" " tag="337">
    <subfield code="a">computer</subfield>
    <subfield code="b">c</subfield>
    <subfield code="2">rdamedia</subfield>
  </datafield>
  <datafield ind1=" " ind2=" " tag="338">
    <subfield code="a">online resource</subfield>
    <subfield code="b">cr</subfield>
    <subfield code="2">rdacarrier</subfield>
  </datafield>
  <datafield ind1="0" ind2=" " tag="490">
    <subfield code="a">Homegrown Concerts &amp; Talks</subfield>
  </datafield>
  <datafield ind1=" " ind2=" " tag="500">
    <subfield code="a">Classification: Music and Books on Music.</subfield>
  </datafield>
  <datafield ind1="0" ind2=" " tag="511">
    <subfield code="a">Winyo.</subfield>
  </datafield>
  <datafield ind1=" " ind2=" " tag="518">
    <subfield code="a">Recorded on 2014-07-01.</subfield>
  </datafield>
  <datafield ind1=" " ind2=" " tag="520">
    <subfield code="a">Winyo performs traditional Luo songs infused with witty storylines, Afro fusion, Afro jazz, and Benga (a mix of contemporary music with traditional Kenyan Luo music in which the guitar is played to mimic a Luo eight-string lyre called a nyatiti). Winyo sings in Dholuo, Swahili and English.</subfield>
  </datafield>
  <datafield ind1=" " ind2=" " tag="521">
    <subfield code="a">Researchers.</subfield>
  </datafield>
  <datafield ind1=" " ind2=" " tag="653">
    <subfield code="a">Culture, Performing Arts.</subfield>
  </datafield>
  <datafield ind1="2" ind2=" " tag="710">
    <subfield code="a">Library of Congress.</subfield>
  </datafield>
  <datafield ind1="2" ind2=" " tag="710">
    <subfield code="a">American Folklife Center,</subfield>
    <subfield code="e">sponsoring body.</subfield>
  </datafield>
  <datafield ind1="4" ind2="0" tag="856">
    <subfield code="3">Event video</subfield>
    <subfield code="d">gdcwebcasts</subfield>
    <subfield code="f">140701afc1200</subfield>
    <subfield code="u">https://hdl.loc.gov/loc.gdc/gdcwebcasts.140701afc1200</subfield>
  </datafield>
  <datafield ind1=" " ind2=" " tag="985">
    <subfield code="a">gdc/webcasts</subfield>
  </datafield>
  <datafield ind1=" " ind2=" " tag="985">
    <subfield code="a">afc</subfield>
  </datafield>
  <datafield ind1=" " ind2=" " tag="985">
    <subfield code="a">homegrown_concerts</subfield>
  </datafield>
</record>
